000 00233nam a2200097Ia 4500
001 778071
005 20250826165918.0
008 250824s9999 xx 000 0 und d
245 0 _aSABAH UYKUM
_cAHMET BATMAN
260 _bDESTEK YAYINLARI
999 _c778071
_d778071